| 000 | 00945nam0a22002651 4500 | ||
|---|---|---|---|
| 001 | rc\126747 | ||
| 005 | 20021216141717.7 | ||
| 010 |
_a5-376-01077-5 _9675 |
||
| 035 | _a(NLR Aleph) 005382459 | ||
| 090 |
_a7115149 _c7115149 |
||
| 100 | _a20021216d1991 u |0rusy50 ca | ||
| 101 | 0 | _arus | |
| 102 | _aRU | ||
| 105 | _ay ||||||||| | ||
| 200 | 1 |
_aЭнтеровирусы в окружающей среде и их эпидемическая значимость _fОтв. ред. Г.В. Меренюк _gМолд. НИИ профилакт. и клинич. медицины |
|
| 210 |
_aКишинев _cШтиинца _d1991 |
||
| 215 |
_a253, [1] с. _d22 |
||
| 300 | _aРез.: англ. | ||
| 320 | _aБиблиогр.: с. 223-251 (375 назв.) | ||
| 700 | 1 |
_aСпыну _bК. И. _gКонстантин Иванович |
|
| 801 | 0 |
_aRU _bNLR _gpsbo |
|
| 801 | 1 |
_aRU _bELAR _2rusmarc |
|
| 852 |
_aNLR _j91-5/1790 |
||
| 942 | _cBOOK | ||
| 980 | _aNB | ||